Normal view
MARC view
Entry Personal Name
001 - CONTROL NUMBER
- control field: 82503
003 - CONTROL NUMBER IDENTIFIER
- control field: OSt
005 - DATE AND TIME OF LATEST TRANSACTION
- control field: 20241018124041.0
008 - FIXED-LENGTH DATA ELEMENTS
- fixed length control field: 241018|| aca||aabn | a|a d
040 ## - CATALOGING SOURCE
- Original cataloging agency: OSt
- Transcribing agency: OSt
100 ## - HEADING--PERSONAL NAME
- Personal name: पीयूष सर
670 ## - SOURCE DATA FOUND
- Source citation: Work cat.: (OSt)67022: पीयूष सर , संकल्प SSC-GD कांस्टेबल 2025, 2024









